| 000 | 00886cam a2200253 a 4500 | ||
|---|---|---|---|
| 001 | 000009666 | ||
| 005 | 20200929161649.0 | ||
| 008 | 911010s1992 pr 001 0 spa | ||
| 020 | _a0865814562 | ||
| 035 | _a(DLC) 91058538 | ||
| 040 |
_aDO-SdBNP _bspa _cBNPHU |
||
| 082 |
_aPR862.44 _bR175c |
||
| 100 | 1 |
_aRamos-Perea, Roberto, _d1959- _924555 |
|
| 245 | 1 | 0 |
_aCueva de ladrones o Revolución en el paraíso / _cRoberto Ramos-Perea. |
| 260 |
_aSan Juan, (Puerto Rico) : _bInstituto de Cultura Puertorriqueña, _c1992. |
||
| 300 |
_a127 p. ; _c22 cm. |
||
| 490 | 1 | _aTeatro puertorriqueño | |
| 586 | _aPremio René Marqués de Dramaturgia del Ateneo Puertorriqueño, 1984. | ||
| 650 | 4 |
_aTeatro puertorriqueño _94514 |
|
| 650 | 4 |
_aLiteratura puertorriqueña _ySIGLO XX _95311 |
|
| 830 | 0 |
_aTeatro puertorriqueño _924556 |
|
| 910 | _aCatalogación por copia / LC | ||
| 049 | _aBNGR | ||
| 999 |
_c9426 _d9426 |
||